<?xml version="1.0" encoding="UTF-8"?><?xml-stylesheet type="text/xsl" href="static/style.xsl"?><OAI-PMH xmlns="http://www.openarchives.org/OAI/2.0/" xmlns:xsi="http://www.w3.org/2001/XMLSchema-instance" xsi:schemaLocation="http://www.openarchives.org/OAI/2.0/ http://www.openarchives.org/OAI/2.0/OAI-PMH.xsd"><responseDate>2026-04-13T06:55:57Z</responseDate><request verb="GetRecord" identifier="oai:www.recercat.cat:2117/106462" metadataPrefix="marc">https://recercat.cat/oai/request</request><GetRecord><record><header><identifier>oai:recercat.cat:2117/106462</identifier><datestamp>2025-07-22T19:54:53Z</datestamp><setSpec>com_2072_1033</setSpec><setSpec>col_2072_452951</setSpec></header><metadata><record xmlns="http://www.loc.gov/MARC21/slim" xmlns:dcterms="http://purl.org/dc/terms/" xmlns:xsi="http://www.w3.org/2001/XMLSchema-instance" xmlns:doc="http://www.lyncode.com/xoai" xsi:schemaLocation="http://www.loc.gov/MARC21/slim http://www.loc.gov/standards/marcxml/schema/MARC21slim.xsd">
   <leader>00925njm 22002777a 4500</leader>
   <datafield ind2=" " ind1=" " tag="042">
      <subfield code="a">dc</subfield>
   </datafield>
   <datafield ind2=" " ind1=" " tag="720">
      <subfield code="a">Forteza Brugué, Quim</subfield>
      <subfield code="e">author</subfield>
   </datafield>
   <datafield ind2=" " ind1=" " tag="260">
      <subfield code="c">2017-05</subfield>
   </datafield>
   <datafield ind2=" " ind1=" " tag="520">
      <subfield code="a">L’objectiu d’aquest treball és el disseny i la monitorització d’una planta de refinament de sucre, vist sobre una simulació. Així doncs, veurem els diferents passos que segueix el sucre des que arriba a la planta de refinament en forma de licor fins que en surt cristal·litzat, és a dir, com ens arriba a la taula. Els processos que conformen el treball es basen en gran part en el diagrama d’una planta de refinament de sucre trobat a internet realitzat per l’empresa CENICAÑA, el qual em va semblar interesant i clar, i que ha servit com a guia per a la realització del treball.&#xd;
Amb l’entorn de programació Rockwell s’ha fet el disseny en un PLC virtual. I amb el programa INTOUCH (SCADA) s’ha realitzat la part referent a la monitorització i adquisició de dades dels processos que tot seguit s’exposaran. En gran part el treball segueix la forma d’un procés continu, tot i que els últims processos són per lots o batch.&#xd;
Per acabar, puc concloure que el treball ha servit per adquirir unes bones capacitats tant en l’ús del programari comentat anteriorment, com en la resolució dels problemes que s’han anat plantejant a mida que el projecte prenia forma.</subfield>
   </datafield>
   <datafield tag="653" ind2=" " ind1=" ">
      <subfield code="a">Àrees temàtiques de la UPC::Enginyeria electrònica</subfield>
   </datafield>
   <datafield tag="653" ind2=" " ind1=" ">
      <subfield code="a">Sugar factories</subfield>
   </datafield>
   <datafield tag="653" ind2=" " ind1=" ">
      <subfield code="a">Fàbriques de sucre</subfield>
   </datafield>
   <datafield ind2="0" ind1="0" tag="245">
      <subfield code="a">Automatització, control i monitorització d'una plata de refinament de sucre</subfield>
   </datafield>
</record></metadata></record></GetRecord></OAI-PMH>